[Event "FIDE World Rapid Team"]
[Site "Astana KAZ"]
[Date "2024.08.03"]
[Round "8.4"]
[White "Xiangyu Xu"]
[Black "Nodirbek Abdusattorov"]
[Result "1/2-1/2"]
[EventDate "2024.08.02"]
[WhiteElo "2491"]
[BlackElo "2732"]
[PlyCount "122"]

1. d4 Nf6 2. c4 g6 3. Nc3 d5 4. Nf3 Bg7 5. h4 c6 6. cxd5 cxd5 7. Bf4 Nc6 8. e3 O-O 9. Qb3 a6 10. Be2 b5 11. Ne5 Bd7 12. h5 Na5 13. Qd1 Rc8 14. Bf3 Be6 15. Rc1 Nc4 16. Nxc4 Rxc4 17. h6 Bh8 18. O-O Qd7 19. b3 Rcc8 20. Qe2 Bf5 21. Be5 Ne4 22. Bxe4 dxe4 23. Bf4 Bg4 24. Qb2 Qe6 25. Ne2 Bf6 26. Rxc8 Rxc8 27. Rc1 g5 28. Bg3 Rxc1+ 29. Qxc1 Bxe2 30. Qc7 Bg7 31. hxg7 Kxg7 32. d5 Qxd5 33. Qxe7 Kg6 34. Be5 Qe6 35. Qxe6+ fxe6 36. a4 Kf5 37. Bd6 h5 38. axb5 axb5 39. b4 h4 40. Kh2 Kg6 41. Be7 Kh5 42. Bd8 Bf1 43. Be7 g4 44. Kg1 Bc4 45. Kh2 Bd5 46. Bd8 Bc6 47. Be7 Be8 48. Bd8 Bg6 49. Be7 Bf5 50. Bd8 h3 51. Be7 Kg6 52. gxh3 gxh3 53. Bd6 Kf7 54. Bc5 Ke8 55. Bd6 Kd7 56. Bc5 Kc6 57. Bf8 Kd5 58. Be7 Kc4 59. Bf8 Kd3 60. Be7 Ke2 61. Kg1 1/2-1/2

[Event "FIDE World Rapid Team"]
[Site "Astana KAZ"]
[Date "2024.08.02"]
[Round "1.2"]
[White "Nodirbek Abdusattorov"]
[Black "Arman Erzhanov"]
[Result "1-0"]
[EventDate "2024.08.02"]
[WhiteElo "2732"]
[BlackElo "2304"]
[PlyCount "54"]

1. e4 c5 2. Nf3 Nc6 3. d4 cxd4 4. Nxd4 Nf6 5. Nc3 e5 6. Nde2 Bc5 7. Ng3 O-O 8. Be2 d6 9. O-O a6 10. Kh1 h6 11. f4 exf4 12. Bxf4 Ne5 13. Qd2 Kh7 14. Rad1 Qe7 15. Na4 b5 16. Nxc5 dxc5 17. h3 Re8 18. Qe3 c4 19. Rf2 Ng6 20. Bxh6 Nxe4 21. Nxe4 Qxe4 22. Qxe4 Rxe4 23. Bf3 Bb7 24. Bxe4 Bxe4 25. Be3 Re8 26. Bd4 f5 27. Kh2 1-0

[Event "FIDE World Rapid Team"]
[Site "Astana KAZ"]
[Date "2024.08.02"]
[Round "2.2"]
[White "Nodirbek Yakubboev"]
[Black "Nodirbek Abdusattorov"]
[Result "0-1"]
[EventDate "2024.08.02"]
[WhiteElo "2548"]
[BlackElo "2732"]
[PlyCount "116"]

1. d4 e6 2. c4 b6 3. Nf3 Bb7 4. g3 Bb4+ 5. Bd2 Bxd2+ 6. Qxd2 Bxf3 7. exf3 Nf6 8. Nc3 O-O 9. Be2 d5 10. O-O Nc6 11. Rad1 Ne7 12. b4 dxc4 13. Bxc4 c6 14. Ne4 Nf5 15. Bb3 Nd5 16. Rc1 Qd7 17. Rfd1 Rfd8 18. Qe1 Nc7 19. Rd3 Nb5 20. Kh1 Nbxd4 21. Rcd1 Qe7 22. Qd2 c5 23. bxc5 bxc5 24. Qa5 Rdc8 25. Ba4 Rab8 26. Kg2 h6 27. Rc3 c4 28. Rd2 Qb4 29. Qxb4 Rxb4 30. Bd1 e5 31. f4 exf4 32. Bg4 Re8 33. Nd6 Nxd6 34. Rxd4 Rb6 35. Rxf4 Rb2 36. a4 Rd2 37. Bd7 Ree2 38. Bb5 g5 39. Rff3 Rc2 40. Rxc2 Rxc2 41. Rf6 Rd2 42. Rf3 Kg7 43. Kf1 Rb2 44. Bc6 Rb3 45. Ke2 Rxf3 46. Kxf3 Nf5 47. Ke4 c3 48. Kd3 c2 49. Kd2 Nd4 50. Be4 Kf6 51. Bxc2 Nxc2 52. Kxc2 Kf5 53. f3 g4 54. Kd3 gxf3 55. Ke3 Kg4 56. Kf2 a5 57. Ke3 Kh3 58. Kxf3 h5 0-1

[Event "FIDE World Rapid Team"]
[Site "Astana KAZ"]
[Date "2024.08.02"]
[Round "3.4"]
[White "Nodirbek Abdusattorov"]
[Black "V Pranav"]
[Result "1-0"]
[EventDate "2024.08.02"]
[WhiteElo "2732"]
[BlackElo "2495"]
[PlyCount "66"]

1. e4 e5 2. Nf3 Nc6 3. Bc4 Nf6 4. d3 Be7 5. O-O O-O 6. Bb3 d6 7. c3 h6 8. Nbd2 Be6 9. Bc2 Re8 10. d4 exd4 11. cxd4 Bg4 12. Nb3 a5 13. Be3 a4 14. Nbd2 a3 15. bxa3 Rxa3 16. Qb1 d5 17. e5 Ne4 18. Nxe4 dxe4 19. Bxe4 Bxf3 20. Bxf3 Nxd4 21. Bxb7 Bc5 22. Qe4 Ne2+ 23. Kh1 Bxe3 24. fxe3 Nc3 25. Qc4 Qe7 26. Rac1 Qxe5 27. Qxf7+ Kh7 28. Bc6 Re7 29. Qf8 Ne2 30. Rc5 Qxe3 31. Bd5 Re8 32. Bg8+ Kh8 33. Be6+ 1-0

[Event "World Blitz 2023"]
[Site "Samarkand UZB"]
[Date "2023.12.29"]
[Round "1.19"]
[White "Nodirbek Abdusattorov"]
[Black "Arseniy Nesterov"]
[Result "0-1"]
[EventDate "2023.12.29"]
[WhiteElo "2694"]
[BlackElo "2488"]
[PlyCount "156"]

1. e4 e5 2. Nf3 Nf6 3. Nc3 Nc6 4. Bb5 Nd4 5. O-O Nxb5 6. Nxb5 c6 7. Nc3 d6 8. d4 Qc7 9. Bg5 Be7 10. a4 O-O 11. h3 h6 12. Bxf6 Bxf6 13. d5 a5 14. Qd3 Be7 15. Nd2 f5 16. Qc4 Kh8 17. Ra3 Bg5 18. Nf3 Bd8 19. Rd1 Qf7 20. Nd2 Bb6 21. dxc6 Be6 22. Qb5 Bc5 23. Raa1 bxc6 24. Qe2 Rab8 25. Rab1 Bd4 26. Rf1 fxe4 27. Ncxe4 d5 28. c3 Ba7 29. Ng3 Qg6 30. Kh2 e4 31. b4 axb4 32. cxb4 Rbe8 33. b5 cxb5 34. Rxb5 Bb8 35. Qe3 Bf4 36. Qd4 e3 37. Nf3 exf2 38. Qxf2 Rd8 39. Rb6 Rd6 40. Rfb1 Bg8 41. a5 d4 42. Rxd6 Bxd6 43. Rb6 d3 44. a6 Bxg3+ 45. Kh1 Bxf2 46. Rxg6 Rd8 47. Nd2 Be3 48. Nf1 Bg5 49. a7 d2 50. Nxd2 Bxd2 51. Rd6 Ra8 52. Rxd2 Rxa7 53. Kh2 Kh7 54. Rd6 Ra2 55. Kg3 Bf7 56. Kf3 Rc2 57. Kg3 Be8 58. Kh4 Bf7 59. g4 Rc3 60. g5 Rc4+ 61. Kg3 hxg5 62. Rd3 Rb4 63. Rd6 Bg6 64. Rd5 Kh6 65. Rd6 Kh5 66. Rd5 Be4 67. Rd7 Rb3+ 68. Kf2 Rf3+ 69. Ke2 Kg6 70. Re7 Rf4 71. Re6+ Kf7 72. Re5 Kf6 73. Rc5 Bf5 74. Rc3 Rh4 75. Rc6+ Kf7 76. Rc7+ Kg6 77. Rc6+ Kh7 78. Rc5 g6 0-1

[Event "World Blitz 2023"]
[Site "Samarkand UZB"]
[Date "2023.12.29"]
[Round "2.39"]
[White "Tigran K Harutyunyan"]
[Black "Nodirbek Abdusattorov"]
[Result "0-1"]
[EventDate "2023.12.29"]
[WhiteElo "2407"]
[BlackElo "2694"]
[PlyCount "90"]

1. d4 Nf6 2. Nf3 d5 3. c4 e6 4. Nc3 a6 5. cxd5 exd5 6. Bg5 Be6 7. e3 Nbd7 8. Bd3 c6 9. h3 Bd6 10. Bf4 Qb8 11. Qd2 O-O 12. O-O Re8 13. Rac1 h6 14. Rfe1 Nh5 15. Bxd6 Qxd6 16. Na4 Nhf6 17. Nc5 Nxc5 18. dxc5 Qc7 19. Qb4 a5 20. Qa4 Bd7 21. Nd2 Re7 22. Rc3 Qe5 23. Nf3 Qh5 24. Qh4 Qxh4 25. Nxh4 d4 26. Ra3 dxe3 27. Rxe3 Rxe3 28. fxe3 Be6 29. Nf3 Nd7 30. b4 Bd5 31. Nd4 Kf8 32. e4 Be6 33. Nxe6+ fxe6 34. Bc4 Ke7 35. h4 Nf6 36. Rg3 g5 37. hxg5 Nxe4 38. Rh3 hxg5 39. Rh7+ Kf6 40. a3 axb4 41. axb4 g4 42. Kh2 g3+ 43. Kg1 Ra1+ 44. Bf1 Nd2 45. Rh6+ Ke5 0-1

[Event "World Blitz 2023"]
[Site "Samarkand UZB"]
[Date "2023.12.29"]
[Round "3.13"]
[White "Nodirbek Abdusattorov"]
[Black "Yuriy Kuzubov"]
[Result "0-1"]
[EventDate "2023.12.29"]
[WhiteElo "2694"]
[BlackElo "2487"]
[PlyCount "80"]

1. e4 e6 2. d4 d5 3. Nc3 Bb4 4. exd5 exd5 5. Bd3 Ne7 6. Nf3 Bg4 7. O-O Nbc6 8. a3 Bxc3 9. bxc3 Qd7 10. h3 Bf5 11. a4 O-O 12. Bf4 Rfe8 13. Bh2 Be4 14. Ng5 Bxd3 15. Qxd3 Ng6 16. a5 Re7 17. Rfb1 Rb8 18. Bg3 h6 19. Nf3 b6 20. c4 dxc4 21. Qxc4 Rbe8 22. a6 Na5 23. Qd3 Qd5 24. Rb4 Rd7 25. Qc3 Re6 26. Qd3 Nc6 27. Rb5 Qe4 28. d5 Nb4 29. Qxe4 Rxe4 30. Nd2 Rd4 31. Nb3 Rc4 32. Ra4 Rxc2 33. Raxb4 Ne7 34. Rd4 Rb2 35. Rd3 Nf5 36. Rb4 Ra2 37. Re4 Rxa6 38. Kh2 Kh7 39. Rc4 c5 40. Be5 0-1

[Event "World Blitz 2023"]
[Site "Samarkand UZB"]
[Date "2023.12.29"]
[Round "4.41"]
[White "Mittal Aditya"]
[Black "Nodirbek Abdusattorov"]
[Result "0-1"]
[EventDate "2023.12.29"]
[WhiteElo "2425"]
[BlackElo "2694"]
[PlyCount "84"]

1. d4 d5 2. c4 e6 3. Nf3 c5 4. cxd5 exd5 5. Nc3 Nf6 6. Bg5 Be6 7. Bxf6 Qxf6 8. e4 Nd7 9. Bb5 O-O-O 10. O-O Nb6 11. exd5 Bxd5 12. Nxd5 Rxd5 13. Rc1 Kb8 14. Re1 Bd6 15. Qe2 cxd4 16. Bd3 Rd8 17. Qe4 g6 18. g3 Bc7 19. Kg2 R5d6 20. Qg4 h5 21. Qg5 Nd5 22. Qxf6 Rxf6 23. a3 a6 24. Ng5 h4 25. Ne4 Rb6 26. b4 a5 27. b5 Bd6 28. a4 Bb4 29. Re2 Nc3 30. Nxc3 dxc3 31. Bc4 Rf6 32. f4 Rd2 33. Rc2 Kc7 34. Kf3 Rxc2 35. Rxc2 Kd6 36. g4 Kc5 37. g5 Kxc4 38. gxf6 Kd3 39. Rc1 c2 40. Kg4 Bd2 41. Rxc2 Kxc2 42. Kg5 Bc3 0-1

[Event "World Blitz 2023"]
[Site "Samarkand UZB"]
[Date "2023.12.29"]
[Round "5.21"]
[White "Nodirbek Abdusattorov"]
[Black "Mikhail Bryakin"]
[Result "0-1"]
[EventDate "2023.12.29"]
[WhiteElo "2694"]
[BlackElo "2495"]
[PlyCount "126"]

1. e4 c6 2. d4 d5 3. exd5 cxd5 4. c4 Nf6 5. Nc3 g6 6. Nf3 Bg7 7. cxd5 Nxd5 8. Bc4 Nb6 9. Bb3 Nc6 10. d5 Na5 11. O-O O-O 12. Re1 Re8 13. Bg5 Bg4 14. h3 Bxf3 15. Qxf3 Nxb3 16. axb3 Bxc3 17. bxc3 Qxd5 18. Qxd5 Nxd5 19. c4 Nb4 20. Rxe7 Rxe7 21. Bxe7 Nc6 22. Bf6 Re8 23. g4 h6 24. Rd1 Re6 25. Bc3 Kf8 26. Kg2 Ke7 27. Kf3 a6 28. Bb2 Na5 29. Rd3 Rb6 30. Ba3+ Kf6 31. Bb2+ Ke7 32. Re3+ Kd7 33. Rd3+ Kc8 34. Bc1 Rxb3 35. Rxb3 Nxb3 36. Bxh6 a5 37. Ke3 a4 38. Bf8 Kd7 39. h4 Ke6 40. h5 gxh5 41. gxh5 Kf5 42. Bb4 b6 43. f4 Nc5 44. h6 Kg6 45. Kd4 Kxh6 46. Kd5 Kg6 47. Kc6 Nd3 48. Ba3 Nxf4 49. Kxb6 Kf5 50. c5 Ne6 51. c6 Ke4 52. Kb5 Kd5 53. Kb6 f5 54. Bc1 Kc4 55. Ka5 Kb3 56. Kb5 Nd4+ 57. Kc5 Nxc6 58. Kxc6 Kc2 59. Bh6 a3 60. Kd5 a2 61. Bg7 Kd3 62. Kc5 f4 63. Kb4 f3 0-1

[Event "World Blitz 2023"]
[Site "Samarkand UZB"]
[Date "2023.12.29"]
[Round "6.42"]
[White "Arystan Isanzhulov"]
[Black "Nodirbek Abdusattorov"]
[Result "0-1"]
[EventDate "2023.12.29"]
[WhiteElo "2431"]
[BlackElo "2694"]
[PlyCount "70"]

1. e4 e5 2. Nf3 Nc6 3. Nc3 g6 4. d4 exd4 5. Nxd4 Bg7 6. Nde2 Nf6 7. g3 h5 8. Bg5 d6 9. Nd5 Ne5 10. Nec3 c6 11. Nxf6+ Bxf6 12. Bxf6 Qxf6 13. f4 Ng4 14. h4 Ne3 15. Qd2 Nxf1 16. Rxf1 Bg4 17. Kf2 O-O 18. Ke3 Rfe8 19. Qd4 Qe6 20. Kf2 b5 21. Rae1 a5 22. e5 d5 23. Kg1 Bf5 24. Rf2 b4 25. Ne2 Bxc2 26. Qc5 Be4 27. Kh2 Rac8 28. Rc1 Qg4 29. Nd4 a4 30. Qxb4 c5 31. Rxc5 Qd1 32. Rg2 Rxc5 33. Qxc5 Qf1 34. Nf3 Bxf3 35. Rg1 Qe2+ 0-1

[Event "World Blitz 2023"]
[Site "Samarkand UZB"]
[Date "2023.12.29"]
[Round "7.24"]
[White "Nodirbek Abdusattorov"]
[Black "Jakub Kosakowski"]
[Result "0-1"]
[EventDate "2023.12.29"]
[WhiteElo "2694"]
[BlackElo "2485"]
[PlyCount "64"]

1. d4 Nf6 2. c4 e6 3. Nc3 d5 4. Bg5 Bb4 5. e3 h6 6. Bh4 c5 7. cxd5 Qa5 8. Bxf6 Bxc3+ 9. bxc3 Qxc3+ 10. Ke2 gxf6 11. Rc1 Qa3 12. dxe6 Bxe6 13. d5 Qxa2+ 14. Rc2 Qxd5 15. Rd2 Qc4+ 16. Ke1 Qb4 17. f4 Nc6 18. Kf2 c4 19. Qc1 O-O 20. Rb2 Qc5 21. Rxb7 Rab8 22. Rxb8 Rxb8 23. Nf3 c3 24. Bd3 Rb2+ 25. Kg3 Nb4 26. Bb1 Bf5 27. Bxf5 Qxf5 28. Qxc3 Qg6+ 29. Kh4 Rxg2 30. Qc8+ Kg7 31. Ne1 f5 32. h3 Rg4+ 0-1

[Event "World Blitz 2023"]
[Site "Samarkand UZB"]
[Date "2023.12.29"]
[Round "8.39"]
[White "Nodirbek Abdusattorov"]
[Black "Mukhammadali Abdurakhmonov"]
[Result "1/2-1/2"]
[EventDate "2023.12.29"]
[WhiteElo "2694"]
[BlackElo "2214"]
[PlyCount "136"]

1. e4 c5 2. Nf3 Nc6 3. Nc3 e6 4. d4 cxd4 5. Nxd4 Qc7 6. Qd3 Nf6 7. Ndb5 Qb8 8. Qg3 d6 9. Be3 a6 10. Nd4 Nxd4 11. Bxd4 e5 12. Bb6 Be6 13. a4 Qc8 14. Bd3 h5 15. h4 Be7 16. O-O O-O 17. a5 Nd7 18. Be3 Qd8 19. Bg5 Bxg5 20. hxg5 g6 21. Qe3 Rc8 22. Rfd1 Qc7 23. Be2 Rfd8 24. Rd2 Nb8 25. Nd5 Bxd5 26. exd5 Nd7 27. c4 Nf8 28. b4 Qe7 29. Rc1 Nh7 30. c5 Qxg5 31. c6 Qxe3 32. fxe3 Nf6 33. Rdc2 Rc7 34. Bc4 Rb8 35. Bb3 Kf8 36. Kf2 Ke7 37. Kf3 g5 38. e4 g4+ 39. Ke3 h4 40. Bc4 bxc6 41. Bxa6 Rxb4 42. Rxc6 Rxe4+ 43. Kf2 Rf4+ 44. Ke2 Ra7 45. Rc7+ Rxc7 46. Rxc7+ Kd8 47. Rc6 Ra4 48. Rxd6+ Ke7 49. Rc6 Rxa5 50. d6+ Kd7 51. Bb7 Ra2+ 52. Ke3 Ra3+ 53. Ke2 Ra2+ 54. Kf1 Ne4 55. Rc7+ Kxd6 56. Rxf7 Ng3+ 57. Ke1 e4 58. Rh7 Re2+ 59. Kd1 Rxg2 60. Rxh4 Nf5 61. Rh5 Ke5 62. Bc8 Rf2 63. Rg5 Rf4 64. Bxf5 Rxf5 65. Rxg4 Kd4 66. Ke2 Ra5 67. Rg3 Ra2+ 68. Ke1 1/2-1/2

[Event "World Blitz 2023"]
[Site "Samarkand UZB"]
[Date "2023.12.29"]
[Round "9.38"]
[White "Mukhammadzokhid Suyarov"]
[Black "Nodirbek Abdusattorov"]
[Result "0-1"]
[EventDate "2023.12.29"]
[WhiteElo "2449"]
[BlackElo "2694"]
[PlyCount "78"]

1. d4 d5 2. Nc3 Nf6 3. Bf4 e6 4. Nb5 Bb4+ 5. c3 Ba5 6. a4 a6 7. b4 Nc6 8. bxa5 axb5 9. axb5 Nxa5 10. e3 O-O 11. Bg5 h6 12. Bxf6 Qxf6 13. Bd3 e5 14. dxe5 Qxe5 15. Ne2 Bg4 16. Qc2 Bxe2 17. Bxe2 Nc4 18. O-O Nd6 19. Bd3 g6 20. h3 Kg7 21. Rfd1 h5 22. Bf1 Rfd8 23. Rxa8 Rxa8 24. Qb3 c6 25. bxc6 bxc6 26. Rc1 Ne4 27. Qb2 Qf6 28. Bd3 Nc5 29. Be2 h4 30. Rc2 Ne4 31. Bf3 Nd6 32. Rc1 Nc4 33. Qb3 Nd2 34. Qd1 Ra2 35. Be2 Ne4 36. Qe1 c5 37. c4 dxc4 38. Rxc4 Ra1 39. Bd1 Qd6 0-1

[Event "World Blitz 2023"]
[Site "Samarkand UZB"]
[Date "2023.12.29"]
[Round "10.22"]
[White "Chongsheng Zeng"]
[Black "Nodirbek Abdusattorov"]
[Result "0-1"]
[EventDate "2023.12.29"]
[WhiteElo "2504"]
[BlackElo "2694"]
[PlyCount "136"]

1. d4 d5 2. c4 e6 3. Nc3 Nf6 4. cxd5 exd5 5. Bg5 Be7 6. e3 O-O 7. Bd3 Re8 8. Nge2 h6 9. Bh4 c6 10. Qc2 a5 11. O-O Nbd7 12. Rae1 b5 13. h3 Nb6 14. Bg3 Ba6 15. Rc1 a4 16. b3 Bb7 17. Rfd1 Bd6 18. Bxd6 Qxd6 19. Ng3 axb3 20. axb3 Ra5 21. Nce2 Rea8 22. Qc5 Qxc5 23. dxc5 Nbd7 24. b4 Ra4 25. Rb1 Ne5 26. Nd4 g6 27. Bc2 Ra3 28. Nge2 h5 29. Nc1 Nc4 30. Ncb3 R3a6 31. Ra1 Bc8 32. Kf1 Bd7 33. Ke1 Ra4 34. h4 Ng4 35. Bd3 Nge5 36. Be2 Rb8 37. Nc2 Bf5 38. Nbd4 Rba8 39. Nxf5 gxf5 40. Bxh5 Nb2 41. Rdb1 Nbd3+ 42. Ke2 Rxa1 43. Rxa1 Rxa1 44. Nxa1 Nxb4 45. Nb3 Kg7 46. Kd2 Na6 47. Kc3 Nd7 48. Kd4 Kf6 49. Be2 Nf8 50. Na5 Ne6+ 51. Kc3 Nb8 52. Kb4 f4 53. exf4 Nxf4 54. Bf3 Nd3+ 55. Kc3 Nxc5 56. g4 Ne6 57. g5+ Kg7 58. Bg4 c5 59. Bf3 d4+ 60. Kd3 Nd7 61. Bd5 Nf4+ 62. Ke4 Nxd5 63. Kxd5 d3 64. Nb3 c4 65. Nd4 d2 66. Nf5+ Kg6 67. Ne3 c3 68. Kd4 0-1

[Event "World Blitz 2023"]
[Site "Samarkand UZB"]
[Date "2023.12.29"]
[Round "11.10"]
[White "Nodirbek Abdusattorov"]
[Black "Alexander Moiseenko"]
[Result "1/2-1/2"]
[EventDate "2023.12.29"]
[WhiteElo "2694"]
[BlackElo "2556"]
[PlyCount "50"]

1. e4 c5 2. Nf3 Nc6 3. Nc3 e5 4. Bc4 Be7 5. d3 d6 6. Nd2 Nf6 7. Nf1 Bg4 8. f3 Be6 9. Ne3 O-O 10. O-O a6 11. a4 Nb4 12. Bd2 Re8 13. Kh1 Bf8 14. Qe2 d5 15. exd5 Nfxd5 16. Nexd5 Nxd5 17. Bxd5 Bxd5 18. Nxd5 Qxd5 19. a5 Rad8 20. Ra4 g6 21. b3 Qc6 22. Bc3 Bg7 23. Qf2 Rd5 24. Re1 Re6 25. Rc4 Qb5 1/2-1/2

[Event "CCT Final Survival"]
[Site "Toronto CAN"]
[Date "2023.12.12"]
[Round "1.1"]
[White "Fabiano Caruana"]
[Black "Nodirbek Abdusattorov"]
[Result "1-0"]
[EventDate "2023.12.12"]
[WhiteElo "2794"]
[BlackElo "2727"]
[PlyCount "124"]

1. e4 e5 2. Nf3 Nc6 3. Bb5 a6 4. Ba4 Nf6 5. O-O Be7 6. Re1 b5 7. Bb3 d6 8. c3 O-O 9. h3 Nb8 10. d4 Nbd7 11. Nbd2 Bb7 12. Bc2 Re8 13. Nf1 Bf8 14. Ng3 a5 15. Bd2 a4 16. Bd3 c6 17. Qc2 Qb6 18. Be3 Qa5 19. Bd2 Qb6 20. Rad1 c5 21. dxe5 Nxe5 22. Nxe5 dxe5 23. c4 b4 24. Nf5 Qc6 25. Bg5 Nh5 26. g3 Qg6 27. Qc1 h6 28. Be3 Nf6 29. f3 Nh5 30. Kh2 Qf6 31. Rf1 Red8 32. Qd2 a3 33. b3 Rd7 34. Bg1 Rad8 35. Qe2 Re8 36. Ne3 g6 37. Nd5 Qd8 38. Be3 Kh7 39. Qf2 Qa5 40. Bc2 Bc6 41. Rd2 Bxd5 42. cxd5 Bd6 43. Bd3 Rc7 44. Rc2 Nf6 45. Rfc1 Rec8 46. Qd2 Bf8 47. Qe2 Ne8 48. f4 Bg7 49. Qf2 Nd6 50. Rxc5 Rxc5 51. Rxc5 Qd8 52. Rxc8 Qxc8 53. Bc5 Qb8 54. Qd2 exf4 55. Qxf4 Bf8 56. e5 Nf5 57. Bxf8 Qxf8 58. Bxf5 gxf5 59. Qxf5+ Kg8 60. d6 Qd8 61. d7 Qb6 62. Qf6 1-0

[Event "CCT Final Survival"]
[Site "Toronto CAN"]
[Date "2023.12.12"]
[Round "1.2"]
[White "Nodirbek Abdusattorov"]
[Black "Fabiano Caruana"]
[Result "1-0"]
[EventDate "2023.12.12"]
[WhiteElo "2727"]
[BlackElo "2794"]
[PlyCount "102"]

1. d4 Nf6 2. c4 e6 3. Nc3 Bb4 4. e3 c5 5. Bd3 d5 6. cxd5 Nxd5 7. Ne2 cxd4 8. exd4 O-O 9. O-O Re8 10. Bc2 Nc6 11. Qd3 g6 12. Rd1 Bf8 13. Qg3 Nxc3 14. bxc3 Bg7 15. h4 Qa5 16. Bg5 Ne7 17. h5 Nf5 18. Bxf5 Qxf5 19. h6 Bf8 20. Qh4 Qd5 21. Nf4 Qa5 22. Nd3 Bd7 23. Ne5 Ba4 24. Rd3 Bc2 25. Rf3 f5 26. Bf6 Qc7 27. Rg3 Bd6 28. Re1 Rf8 29. f4 Bxe5 30. Bxe5 Qf7 31. c4 Be4 32. Ree3 Rac8 33. c5 b6 34. Rc3 Rfe8 35. a4 bxc5 36. dxc5 Qe7 37. Bf6 Qd7 38. Kh2 Kf7 39. Rc4 Bd5 40. Rc1 Be4 41. a5 Rc6 42. Rb3 Rcc8 43. Be5 Qd8 44. Qf2 Re7 45. a6 Rd7 46. Rb2 Qf8 47. Rc3 Qd8 48. c6 Rxc6 49. Rxc6 Bxc6 50. Rb8 Qa5 51. Qh4 1-0

[Event "CCT Final Survival"]
[Site "Toronto CAN"]
[Date "2023.12.12"]
[Round "1.3"]
[White "Nodirbek Abdusattorov"]
[Black "Fabiano Caruana"]
[Result "0-1"]
[EventDate "2023.12.12"]
[WhiteElo "2727"]
[BlackElo "2794"]
[PlyCount "92"]

1. d4 Nf6 2. c4 e6 3. Nc3 Bb4 4. e3 b6 5. Bd2 Bb7 6. Nge2 O-O 7. a3 Be7 8. Nf4 d6 9. d5 e5 10. Nh5 Nxh5 11. Qxh5 Nd7 12. Bd3 g6 13. Qe2 c6 14. b4 f5 15. dxc6 Bxc6 16. e4 f4 17. f3 Nf6 18. O-O Bd7 19. Be1 g5 20. Nd5 Kh8 21. Kh1 g4 22. Bc3 g3 23. c5 gxh2 24. Nxf6 Rxf6 25. Rfd1 bxc5 26. bxc5 Rc8 27. cxd6 Rxc3 28. dxe7 Qxe7 29. Qb2 Rc8 30. Bf1 Rb6 31. Qd2 Be6 32. Rac1 Rxc1 33. Rxc1 Qd6 34. Qa5 Qd4 35. Be2 Qb2 36. Rd1 Bg8 37. Rd8 Rg6 38. Rd2 Qb1+ 39. Bd1 Rg5 40. Qxa7 Qc1 41. Qa5 Qc4 42. Be2 Qc1+ 43. Bd1 Qc4 44. Rf2 Qd3 45. Qa4 Qe3 46. Qc2 Qe1+ 0-1

[Event "Qatar Masters Open 2023"]
[Site "Doha QAT"]
[Date "2023.10.19"]
[Round "8.7"]
[White "Jakhongir Vakhidov"]
[Black "Nodirbek Abdusattorov"]
[Result "0-1"]
[EventDate "2022.10.11"]
[WhiteElo "2607"]
[BlackElo "2716"]
[PlyCount "76"]

1. c4 e6 2. Nc3 d5 3. d4 Nf6 4. cxd5 exd5 5. Bg5 c6 6. e3 Be7 7. Bd3 Nbd7 8. h3 O-O 9. Qc2 Re8 10. Nge2 Nf8 11. O-O Nh5 12. Nf4 Bxg5 13. Nxh5 Be7 14. Ng3 Bd6 15. Rae1 Qh4 16. Kh2 Bd7 17. Qd1 Ne6 18. f4 g6 19. Qf3 Re7 20. Qf2 Rae8 21. Re2 Kh8 22. Rfe1 Ng7 23. Nf1 Qxf2 24. Rxf2 g5 25. g3 gxf4 26. gxf4 Re6 27. Rf3 Rh6 28. Kg2 Rg8 29. Nh2 Nh5+ 30. Kf2 Be7 31. Ng4 Bh4+ 32. Ke2 Bxg4 33. hxg4 Bxe1 34. Kxe1 Rxg4 35. Rh3 Rg3 36. Rh4 Rxe3+ 37. Be2 Ree6 38. f5 Ng7 0-1

[Event "Qatar Masters Open 2023"]
[Site "Doha QAT"]
[Date "2023.10.18"]
[Round "7.6"]
[White "V Pranav"]
[Black "Nodirbek Abdusattorov"]
[Result "1/2-1/2"]
[EventDate "2022.10.11"]
[WhiteElo "2579"]
[BlackElo "2716"]
[PlyCount "90"]

1. e4 c5 2. Nf3 Nc6 3. d4 cxd4 4. Nxd4 Nf6 5. Nc3 e5 6. Ndb5 d6 7. Bg5 a6 8. Na3 b5 9. Nab1 Be7 10. Bxf6 Bxf6 11. a4 b4 12. Nd5 Bg5 13. Bc4 Na5 14. Ba2 Rb8 15. Nd2 O-O 16. O-O Bxd2 17. Qxd2 b3 18. cxb3 Nxb3 19. Bxb3 Rxb3 20. Rfd1 Be6 21. Rac1 Qh4 22. Nc7 Qxe4 23. Qxd6 Rxb2 24. Nxe6 fxe6 25. Qxe6+ Kh8 26. Rf1 Qd4 27. Qf5 Rbb8 28. Qc2 h6 29. Rcd1 Rb2 30. Rxd4 Rxc2 31. Rd5 Ra2 32. a5 e4 33. Re5 Rb8 34. h3 Rbb2 35. Rxe4 Rxa5 36. Rd1 Rf5 37. f4 Rf6 38. Rf1 a5 39. f5 Kh7 40. Re5 Ra2 41. Re7 h5 42. Rf3 Kh6 43. Rg3 g6 44. Re6 Rxe6 45. fxe6 Re2 1/2-1/2

[Event "Qatar Masters Open 2023"]
[Site "Doha QAT"]
[Date "2023.10.17"]
[Round "6.3"]
[White "Nodirbek Abdusattorov"]
[Black "SL Narayanan"]
[Result "1/2-1/2"]
[EventDate "2022.10.11"]
[WhiteElo "2716"]
[BlackElo "2651"]
[PlyCount "94"]

1. e4 e5 2. Nf3 Nc6 3. Bc4 Bc5 4. O-O Nf6 5. d3 d6 6. c3 Bb6 7. a4 a5 8. Na3 h6 9. Bb3 O-O 10. Nc4 Ba7 11. Be3 Be6 12. Re1 Re8 13. Bxa7 Rxa7 14. Ne3 d5 15. exd5 Nxd5 16. Nxd5 Bxd5 17. Bxd5 Qxd5 18. d4 e4 19. Nd2 Raa8 20. Nf1 f5 21. Qe2 Ne7 22. Ne3 Qf7 23. Qb5 b6 24. Re2 Rad8 25. Rae1 Nd5 26. g3 Qe6 27. Nxd5 Rxd5 28. Qc4 c5 29. f3 cxd4 30. fxe4 Re5 31. Qxe6+ R5xe6 32. cxd4 fxe4 33. Kf2 Rf6+ 34. Kg2 Rfe6 35. Re3 R8e7 36. Rc1 Rd7 37. Rd1 Rd5 38. Kf2 b5 39. Rc3 bxa4 40. Ke3 Kf7 41. Rf1+ Rf6 42. Rc7+ Kg6 43. Rd1 Rb5 44. d5 Rxb2 45. d6 Rb3+ 46. Kxe4 Rb6 47. Rc5 1/2-1/2

[Event "Qatar Masters Open 2023"]
[Site "Doha QAT"]
[Date "2023.10.15"]
[Round "5.7"]
[White "Nodirbek Abdusattorov"]
[Black "Venkataraman Karthik"]
[Result "1-0"]
[EventDate "2022.10.11"]
[WhiteElo "2716"]
[BlackElo "2563"]
[PlyCount "70"]

1. e4 c5 2. Nf3 d6 3. d4 cxd4 4. Nxd4 Nf6 5. Nc3 a6 6. Bg5 Nbd7 7. Bc4 Qb6 8. Bb3 e6 9. Bxf6 Nxf6 10. Qd2 Nd7 11. O-O-O Nc5 12. Rhe1 Bd7 13. Nf5 O-O-O 14. Nxd6+ Bxd6 15. Qxd6 Nxb3+ 16. axb3 Qxf2 17. Rf1 Qe3+ 18. Kb1 Bb5 19. Nxb5 Rxd6 20. Nxd6+ Kb8 21. Rxf7 Rd8 22. Ka2 Qe2 23. Rd3 Ka8 24. Rxg7 Rb8 25. Rc3 Qh5 26. Nc4 Qxh2 27. Rf3 Qh4 28. e5 Qe4 29. c3 a5 30. Rc7 Ka7 31. Rff7 Qxg2 32. Rxh7 Qd5 33. Rhe7 Rd8 34. Nd6 Rb8 35. Nxb7 1-0

[Event "Qatar Masters Open 2023"]
[Site "Doha QAT"]
[Date "2023.10.14"]
[Round "4.7"]
[White "Mittal Aditya"]
[Black "Nodirbek Abdusattorov"]
[Result "1/2-1/2"]
[EventDate "2022.10.11"]
[WhiteElo "2572"]
[BlackElo "2716"]
[PlyCount "78"]

1. d4 Nf6 2. c4 e6 3. Nf3 d5 4. Nc3 a6 5. c5 b6 6. cxb6 cxb6 7. Bf4 Bb7 8. e3 Be7 9. Bd3 O-O 10. O-O Nc6 11. Ne5 Na5 12. Qf3 Rc8 13. Rac1 b5 14. Qh3 Nc4 15. Ng4 g6 16. Nh6+ Kg7 17. Bxc4 dxc4 18. Be5 Bd6 19. Rcd1 Qe7 20. f4 Bxe5 21. fxe5 Nh5 22. Ng4 Qg5 23. a3 f5 24. exf6+ Nxf6 25. Nxf6 Rxf6 26. Rxf6 Qxf6 27. Rf1 Qg5 28. e4 Rf8 29. Rxf8 Kxf8 30. Qxh7 Qe3+ 31. Kf1 Qf4+ 32. Kg1 Bxe4 33. Qh8+ Kf7 34. Qh7+ Ke8 35. Nxe4 Qxe4 36. Qg8+ Kd7 37. Qf7+ Kd8 38. Qf8+ Kd7 39. Qf7+ 1/2-1/2

[Event "Qatar Masters Open 2023"]
[Site "Doha QAT"]
[Date "2023.10.13"]
[Round "3.12"]
[White "Nodirbek Abdusattorov"]
[Black "Bakhrom Bakhrillaev"]
[Result "1-0"]
[EventDate "2023.10.11"]
[WhiteElo "2716"]
[BlackElo "2302"]
[PlyCount "66"]

1. e4 e5 2. Nf3 Nc6 3. Bc4 Bc5 4. O-O Nf6 5. d3 d6 6. c3 a5 7. Re1 h6 8. Nbd2 O-O 9. Nf1 Be6 10. Bb5 Ne7 11. d4 exd4 12. cxd4 Bb6 13. Ng3 Ng6 14. Ba4 Bg4 15. h3 Bxf3 16. gxf3 Nh7 17. f4 Qf6 18. e5 Qh4 19. Nf5 Qd8 20. Qg4 dxe5 21. fxe5 h5 22. Qxh5 Bxd4 23. Bc2 Kh8 24. Nxd4 Qxd4 25. Re4 Qd8 26. Rg4 Kg8 27. Rxg6 fxg6 28. Bxg6 Nf6 29. exf6 Rxf6 30. Qh7+ Kf8 31. Qh8+ Ke7 32. Qxg7+ Ke6 33. Bg5 1-0